La seule préfecture restante ... - Statistiques

Statistiques générales
  • Ce quiz a été pris 581 fois
  • Le résultat moyen est 39 sur 101
Réponses sur la Carte
Les réponses sont colorées sur une échelle allant du rouge au vert en fonction du pourcentage des utilisateurs qui les ont devinées à leur premier essai. Vous pouvez retrouver ces pourcentages ci-dessous.
 
Statistiques - réponses
La seule préfecture restante ... Préfecture % Correct
à être en Amérique du Sud Cayenne
89%
à être la seule ville de son département Paris
87%
à avoir remporté la Ligue des Champions Marseille
84%
à avoir appartenu au pape Avignon
78%
à avoir accueilli les Jeux olympiques d'hiver Grenoble
77%
portant exactement le même nom qu’une ville d’Espagne Valence
76%
à faire partie de l'Alsace Colmar
75%
à avoir une course automobile faisant partie de la "Triple couronne" Le Mans
75%
à être dans l'hémisphère sud Saint-Denis
74%
à être directement frontalière d'un autre pays Strasbourg
74%
qui se prononce comme un chiffre Troyes
72%
à être un palindrome Laval
69%
à avoir eu un maire devenu président de la République Tulle
68%
à être traversée par l'autoroute du soleil Lyon
65%
à avoir un aéroport fréquenté par plus de 10 millions de personnes en 2024 Nice
60%
à avoir plus de 500 000 habitants Toulouse
59%
à être sur une île Bastia
57%
dont le nom figure dans celui de son département Belfort
57%
située plus au sud que le point le plus méridional de la France continentale Ajaccio
56%
bordant directement la mer Méditerranée Toulon
56%
à commencer par un F Foix
55%
contenant un pays dans son nom Fort-de-France
55%
à être restituée à la France au XXᵉ siècle Metz
55%
à être étroitement liée à Jeanne d’Arc Orléans
55%
située à l'Ouest de Madrid Quimper
53%
à figurer dans le titre d'une chanson de Jacques Brel Vesoul
52%
à avoir un lac naturel à son nom Annecy
50%
à être devenu officiellement (de jure) chef-lieu de son département au 21ème siècle Mamoudzou
50%
en 3 lettres Pau
50%
à avoir son propre réseau de métro Rennes
50%
dont le nom est aussi celui de l’île sur laquelle elle se situe Basse-Terre
49%
dont le département se prononce comme un chiffre Bourg-en-Bresse
49%
à faire partie de la région PACA Digne-les-Bains
49%
à être traversée par la Meuse Charleville-Mézières
48%
à plus de 700 mètres d'altitude Gap
48%
à faire partie de la petite couronne Nanterre
43%
à avoir été le lieu d’un traité de paix au XXᵉ siècle Versailles
42%
à faire partie de la Normandie Évreux
41%
dont le département porte le nom d'une chaîne de montagnes Tarbes
41%
à terminer par la lettre z Rodez
40%
dont le nom commence par “Saint” Saint-Lô
39%
à avoir été trouvé par + de 90% des personnes sur le quiz des chef-lieux Bordeaux
38%
à être l'homonyme d’une conjonction de subordination Caen
38%
située à moins de 20 km d’une frontière nationale Perpignan
38%
à avoir moins de 10 000 habitants Privas
38%
à être l’un des principaux points de départ des chemins de Saint-Jacques-de-Compostelle Le Puy-en-Velais
37%
dont le nom du département contient un z Mende
37%
à avoir une université fondée avant 1300 Montpellier
36%
à avoir un stade d'au moins 40 000 places Saint-Étienne
36%
rattachée à la France après 1800 Chambery
35%
dont le nom est composé de plusieurs mots sans tiret La Rochelle
34%
à être également la préfecture de sa région Dijon
33%
située à l'est de Genève Épinal
33%
à être surnommée "la Rome française" Nîmes
33%
à commencer par un V Vannes
33%
à être traversée par la Seine Melun
32%
à être directement sur le littoral Saint-Brieuc
32%
dont le nom est composé de 4 mots La Roche-sur-Yon
31%
à faire partie de la région Auvergne-Rhône-Alpes Aurillac
30%
à n'utiliser qu'une seule des consonnes dans son nom Lille
30%
à être plus peuplée que sa préfecture régionale Tours
30%
à avoir au moins 5 villes plus peuplées qu'elle dans son département Bobigny
29%
à avoir un club de football ayant remporté la Ligue 1 Auxerre
28%
à avoir reçu le Prix de la Capitale verte de l’Europe Nantes
28%
à avoir vu naître un président de la Ve République Amiens
27%
à avoir été la capitale de l'Empire Plantagenêt Angers
27%
dont le numéro de département est un multiple de 10 Beauvais
27%
à contenir la lettre F Clermont-Ferrand
27%
associée à une dentelle de renommée nationale Alençon
26%
à avoir été le lieu d'une résidence royale Blois
26%
à avoir le statut de commune nouvelle Évry-Courcouronnes
26%
dont le département à un accès à la mer Mont-de-Marsan
25%
à avoir un club de rugby ayant remporté au moins cinq titres de Top 14 Agen
24%
à faire partie de la région Occitanie Cahors
24%
à avoir donné son nom à un jeu de société célèbre Carcassonne
23%
à avoir une ligne de téléphérique urbain Créteil
23%
à avoir perdu son statut de préfecture régionale en 2015 Poitiers
22%
à avoir accueilli le sacre d'un roi de France Chartres
21%
à compter plus de 40 000 étudiants Rouen
21%
qui n'est pas le chef-lieu de son département Cergy
19%
dont le nom compte plus de 15 lettres Châlons-en-Champagne
19%
à être surnommée "ville aux cent clochers" Arras
18%
à avoir plus de 100 000 habitants Besançon
17%
à compter plus de 250 monuments historiques Nancy
17%
commençant par la même lettre que son département Nevers
17%
à commencer par une voyelle Auch
16%
considérée comme l’une des quatre principales places financières de France Niort
16%
à être un nom composé Bar-le-Duc
15%
limitrophe d'au moins un département voisin Macon
15%
à avoir un accent circonflexe dans son nom Châteauroux
14%
à représenter + de 30% de la population de son département Limoges
14%
à être une station thermale Lons-le-Saunier
14%
à terminer par une voyelle Angoulême
13%
à avoir été capitale de la France Bourges
13%
qui n'était pas préfecture de son département à la création de celui-ci Albi
11%
à avoir été trouvé par - de 30% des personnes sur le quiz des chef-lieux Chaumont
11%
dont l'évêque comte figurait parmi les Douze pairs primitifs de France Laon
11%
à être plus étendue que Paris Montauban
11%
à ne pas être la ville la plus peuplée de son département Moulins
11%
en France Périgueux
10%
à avoir autant de lettre dans son nom que son département Guéret
9%
Aucun quiz correspondant
Distribution des résultats
% des personnes avec chaque résultat
Percentile par nombre de réponses
Votre historique - résultats
Vous n’avez pas pris ce quiz